000 00910nam a2200241 a 4500
001 000137019
003 AM-YEHGA
005 20250617122833.0
008 950720s1979 ru ||||gr|||||||||0|rus|d
040 _aAM-YeHGA
041 0 _arus
245 0 0 _aОпределитель растений Татарской АССР /
_c[Н.Г. Афанасьева, Р.Г. Иванова, З.И. Макарова и др.] ; Науч. ред. М.В. Марков.
260 _aКазань :
_bИзд-во Казан. ун-та,
_c1979.
300 _a371 с. ;
_c20 см.
500 _aАвт. указаны на 3-й с.
650 1 4 _aБотаника
700 1 _aАфанасьева, Нина Гавриловна
700 1 _aИванова, Р.Г.
700 1 _aМакарова, З.И.
700 1 _aМарков, Михаил Васильевич
_eред.
_4edt
942 _2udc
_cBK
090 _c46640
999 _c45894
_d45894